000 00550nam a22001457a 4500
003 0
005 20221013111632.0
008 221013b xxu||||| |||| 00| 0 eng d
050 _aR489
_b.D45 2022
245 _aResiliency of adult and early school-aged children within the southville global education network's conditions or virtual learning
_cDel Prado, Izabela Dominiq A.
260 _aLas Pinas, Philippines
_bSouthville International School and Colleges
_cC2022
300 _aviii,196pp.
_c28cm.
_fTheses
500 _aResiliency.
942 _2lcc
_cTH
999 _c364846
_d364846